000 00462cam a22001934a 4500
005 20250605164245.0
008 250528s ||||||||||||||||||||||||d
035 _a21478
020 _a978013850202
040 _aGR-AtMCL
_bgre
_dGR-AtMCL
_eAACR2
245 1 _aSTRATEGIC INDUSTRIAL MARKETING
250 _a9780
260 _bPrentice Hall,
_c1989
300 _a378
700 1 _aChisnall Peter M
_91717
942 _cBK
999 _c6540
_d6540